| 000 | 00868nam a2200325Ia 4500 | ||
|---|---|---|---|
| 003 | OSt | ||
| 005 | 20240404150947.0 | ||
| 008 | 210210b2020 xxu||||| |||| 00| 0 eng d | ||
| 020 | _a9789387135642 | ||
| 040 | _cAL | ||
| 041 | _aEnglish | ||
| 082 | _a894.9 NAVS | ||
| 100 |
_aNAVADA (A V) Ed _9158630 |
||
| 245 |
_aSelected writings of Rev Ferdinand Kitel _bOn Kannada language, literature and culture |
||
| 260 |
_aHampi _bPrasaranga _c2020 |
||
| 300 | _axcv,804 | ||
| 650 |
_awritings _9158631 |
||
| 650 |
_aSelected _9158632 |
||
| 650 |
_aRev _9158633 |
||
| 650 |
_aOn _9158634 |
||
| 650 |
_aliterature _9158635 |
||
| 650 |
_alanguage, _9158636 |
||
| 650 |
_aKittel _9158637 |
||
| 650 |
_aKannada _9158638 |
||
| 650 |
_aFerdinend _9158639 |
||
| 650 |
_aculture _9158640 |
||
| 690 |
_aKannada Criticism _9158641 |
||
| 906 | _a074491 | ||
| 942 |
_2ddc _cBK |
||
| 999 |
_c126085 _d126085 |
||